[Event "GAMMA Reykjavik Open 2019"]
[Site "Reykjavik ISL"]
[Date "2019.04.08"]
[Round "1.99"]
[White "Hafdisarson, Ingi Thor"]
[Black "Ford, Clifton P"]
[Result "0-1"]
[WhiteElo "1220"]
[BlackElo "1813"]
[WhiteFideId "2306956"]
[BlackFideId "30919487"]
[EventDate "2019.04.08"]

1. d4 Nf6 2. c4 e6 3. Nf3 b6 4. g3 Bb7 5. Bg2 Be7 6. O-O O-O 7. Nc3 d5 8. b3
dxc4 9. bxc4 Nbd7 10. Qd2 c5 11. e3 Rc8 12. Qd3 cxd4 13. exd4 Bxf3 14. Qxf3 Rxc4
15. Bb2 Rxd4 16. Rfd1 Nc5 17. Rxd4 Qxd4 18. Rd1 Qb4 19. Ba1 Rc8 20. h4 Na4 21.
Ne2 Nd5 22. Kh2 Bf6 23. Bxf6 Nxf6 24. Qb7 Rf8 25. Qxa7 Qb2 26. Bf3 Nc3 27. Nxc3
Qxc3 28. Kg2 Qc2 29. Re1 h5 30. Re2 Qc5 31. Rb2 Nd5 32. Bxd5 Qxd5+ 33. f3 Ra8
34. Qxb6 Rxa2 35. Rxa2 Qxa2+ 36. Kh3 Qe2 37. Qc6 g6 38. Qa8+ Kh7 39. Qb7 Kg7 40.
Qb3 Qe5 41. Qd3 Qf5+ 42. Qxf5 exf5 43. f4 Kf6 44. Kg2 Ke6 45. Kf3 Kd5 46. Ke3
Kc4 47. Kd2 Kd4 48. Ke2 Ke4 49. Kf2 Kd3 50. Kf3 Kd2 51. Kf2 f6 52. Kf3 Ke1 53.
Kg2 Ke2 54. Kh3 Kf1 55. Kh2 Kf2 56. Kh3 Kg1 57. g4 fxg4+ 58. Kg3 Kf1 59. f5 gxf5 0-1

[Event "GAMMA Reykjavik Open 2019"]
[Site "Reykjavik ISL"]
[Date "2019.04.08"]
[Round "1.100"]
[White "Ottesen, Oddgeir"]
[Black "Sharifa, Rayan"]
[Result "1-0"]
[WhiteElo "1813"]
[BlackElo "1169"]
[WhiteFideId "2306816"]
[BlackFideId "2314894"]
[EventDate "2019.04.08"]

1. e4 c5 2. Nf3 d6 3. d4 cxd4 4. Nxd4 Nf6 5. Nc3 g6 6. Be2 Bg7 7. O-O O-O 8. Be3
Nbd7 9. Qd2 Nc5 10. f3 Bd7 11. Nb3 b6 12. Bh6 Qc7 13. Bxg7 Kxg7 14. Rad1 Rac8
15. Kh1 Na4 16. Nxa4 Bxa4 17. c3 Nd7 18. Qd4+ 1-0

[Event "GAMMA Reykjavik Open 2019"]
[Site "Reykjavik ISL"]
[Date "2019.04.08"]
[Round "1.101"]
[White "Omarsson, Adam"]
[Black "Hardarson, Petur Palmi"]
[Result "0-1"]
[WhiteElo "1144"]
[BlackElo "1808"]
[WhiteFideId "2311453"]
[BlackFideId "2317605"]
[EventDate "2019.04.08"]

1. d4 g6 2. c4 Bg7 3. Nc3 d6 4. Nf3 Nc6 5. e4 Bg4 6. d5 Nd4 7. Be2 Nxe2 8. Qxe2
e5 9. h3 Bd7 10. O-O f5 11. exf5 Bxf5 12. Nd4 Nf6 13. Nxf5 gxf5 14. Bg5 O-O 15.
Nb5 f4 16. Bxf6 Rxf6 17. b4 f3 18. gxf3 Qd7 19. Kh2 Qxh3+ 0-1

[Event "GAMMA Reykjavik Open 2019"]
[Site "Reykjavik ISL"]
[Date "2019.04.08"]
[Round "1.102"]
[White "Eiriksson, Sigurdur"]
[Black "Helgadottir, Idunn"]
[Result "1-0"]
[WhiteElo "1807"]
[BlackElo "1137"]
[WhiteFideId "2302314"]
[BlackFideId "2314118"]
[EventDate "2019.04.08"]

1. d4 d5 2. Bf4 Nc6 3. e3 Nf6 4. c3 Bf5 5. Nd2 Qd7 6. Ngf3 O-O-O 7. Bb5 Kb8 8.
Qa4 g6 9. Ne5 e6 10. Nxd7+ Rxd7 11. Bxc6 Rd8 12. Qb5 b6 13. Qa6 Bh6 14. Qb7# 1-0

[Event "GAMMA Reykjavik Open 2019"]
[Site "Reykjavik ISL"]
[Date "2019.04.08"]
[Round "1.104"]
[White "Leosson, Atli Johann"]
[Black "Thorisson, Bjartur"]
[Result "1-0"]
[WhiteElo "1796"]
[BlackElo "1126"]
[WhiteFideId "2308533"]
[BlackFideId "2314916"]
[EventDate "2019.04.08"]

1. e4 c5 2. Nf3 e6 3. c4 Nc6 4. d4 cxd4 5. Nxd4 Qc7 6. a3 Bc5 7. Nxc6 bxc6 8.
Bd3 Nf6 9. Nc3 O-O 10. O-O d5 11. Bg5 Nxe4 12. Nxe4 dxe4 13. Bxe4 Ba6 14. Qf3
Bxc4 15. Rfc1 Qe5 16. Rxc4 Qxg5 17. Rac1 Bb6 18. Rxc6 Bd4 19. Bxh7+ Kxh7 20.
Qe4+ f5 21. Qxd4 Rfd8 22. Qc3 Qg6 23. Re1 Rab8 24. Rcxe6 Qf7 25. Re7 Qf8 26.
Rxa7 Rd6 27. g3 Rdb6 28. Ree7 Rg6 29. Rf7 Qg8 30. Rxf5 1-0

[Event "GAMMA Reykjavik Open 2019"]
[Site "Reykjavik ISL"]
[Date "2019.04.08"]
[Round "1.105"]
[White "Brynjarsson, Einar Dagur"]
[Black "Finnsson, Johann Arnar"]
[Result "0-1"]
[WhiteElo "1097"]
[BlackElo "1776"]
[WhiteFideId "2315939"]
[BlackFideId "2308240"]
[EventDate "2019.04.08"]

1. e4 d6 2. d4 g6 3. Nc3 Bg7 4. Nf3 a6 5. Bf4 Nc6 6. Bc4 Bg4 7. h3 Bxf3 8. Qxf3
Nxd4 9. Qd1 e6 10. O-O b5 11. Bd3 Ne7 12. Re1 O-O 13. Bf1 c5 14. e5 d5 15. Ne2
Ndc6 16. Ng3 Qa5 17. c3 b4 18. cxb4 Qxb4 19. Qc1 Rfd8 20. Be3 d4 21. Bd2 Qb6 22.
Ne4 Nxe5 23. Qxc5 Qxc5 24. Nxc5 d3 25. Re3 Nc4 26. Nxd3 Nxd2 27. Rd1 Nxf1 28.
Kxf1 Rd6 29. Rc1 Rad8 30. Ne1 Bh6 31. Rc7 Nd5 0-1

[Event "GAMMA Reykjavik Open 2019"]
[Site "Reykjavik ISL"]
[Date "2019.04.08"]
[Round "1.106"]
[White "Halldorsson, Hjorleifur"]
[Black "Berndsen, Soffia Arndis"]
[Result "1-0"]
[WhiteElo "1773"]
[BlackElo "1031"]
[WhiteFideId "2303647"]
[BlackFideId "2316811"]
[EventDate "2019.04.08"]

1. e4 e5 2. Nf3 Nc6 3. d4 Nxd4 4. Nxe5 Bc5 5. Nxf7 Qe7 6. Ng5 Nf6 7. Bd3 d5 8.
O-O Bg4 9. Qd2 O-O-O 10. e5 Ne4 11. Nxe4 dxe4 12. Be2 Qxe5 1-0

[Event "GAMMA Reykjavik Open 2019"]
[Site "Reykjavik ISL"]
[Date "2019.04.08"]
[Round "1.108"]
[White "Solaroli, Riccardo"]
[Black "Chugunov, Arkadiy"]
[Result "1-0"]
[WhiteElo "1770"]
[BlackElo "1012"]
[WhiteFideId "809810"]
[BlackFideId "23730285"]
[EventDate "2019.04.08"]

1. e4 e5 2. f4 Nc6 3. Nf3 d6 4. Bb5 Ne7 5. fxe5 dxe5 6. d3 a6 7. Bc4 f6 8. a4
Bg4 9. h3 Bh5 10. c3 Qd7 11. b4 O-O-O 12. Qb3 Qd6 13. Be3 Be8 14. Bc5 1-0

[Event "GAMMA Reykjavik Open 2019"]
[Site "Reykjavik ISL"]
[Date "2019.04.09"]
[Round "2.2"]
[White "Grandelius, Nils"]
[Black "Low, Zhen Yu Cyrus"]
[Result "1/2-1/2"]
[WhiteTitle "GM"]
[BlackTitle "IM"]
[WhiteElo "2687"]
[BlackElo "2418"]
[WhiteFideId "1710400"]
[BlackFideId "5804175"]
[EventDate "2019.04.08"]

1. e4 e5 2. Nf3 Nf6 3. d4 Nxe4 4. Bd3 d5 5. Nxe5 Nd7 6. O-O Nxe5 7. dxe5 Nc5 8.
Be3 c6 9. f4 Nxd3 10. Qxd3 g6 11. Nd2 Be7 12. Nf3 O-O 13. c3 Bf5 14. Qd2 f6 15.
Rae1 Be4 16. exf6 Bxf6 17. Ng5 Bf5 18. Bc5 Re8 19. Rxe8+ Qxe8 20. Re1 Qd7 21.
Bd4 Qg7 22. Bxf6 Qxf6 23. Qe3 h6 24. Nf3 Be4 25. Nd2 Bc2 26. g3 Kf7 27. Nf3 Be4
28. Ne5+ Kg8 29. Ng4 Qg7 30. Qc5 a6 31. Qd6 Rf8 32. a4 h5 33. Nf2 Re8 34. a5 Qe7
35. Qxe7 Rxe7 36. Nd3 Kf7 37. Nc5 Kf6 38. Kf2 Kf5 39. Ke3 Bb1+ 40. Kd2 Be4 41.
Ke3 Bb1+ 42. Kf2 Be4 43. h4 Kg4 44. Re2 Kf5 45. b3 Kg4 46. Re1 Kf5 47. Rd1 Kg4
48. Rd4 Bf5 49. Rd1 Be4 50. Re1 Kf5 51. b4 Kg4 52. Re3 Kf5 53. Re2 Kg4 54. Nd3
Rc7 55. Nc5 Re7 56. Re3 Kf5 57. Nb3 Rc7 58. Re2 Kg4 59. Nd4 Rc8 60. Ne6 Re8 61.
Nc5 1/2-1/2

[Event "GAMMA Reykjavik Open 2019"]
[Site "Reykjavik ISL"]
[Date "2019.04.09"]
[Round "2.5"]
[White "Korley, Kassa"]
[Black "Movsesian, Sergei"]
[Result "0-1"]
[WhiteTitle "IM"]
[BlackTitle "GM"]
[WhiteElo "2440"]
[BlackElo "2637"]
[WhiteFideId "2033801"]
[BlackFideId "310204"]
[EventDate "2019.04.08"]

1. d4 Nf6 2. c4 d6 3. Nf3 g6 4. Nc3 Nbd7 5. e4 e5 6. Bd3 Bg7 7. d5 O-O 8. O-O h6
9. Bc2 Nh7 10. g3 Nb6 11. Nd2 Bh3 12. Re1 f5 13. b4 Nd7 14. Bd3 a5 15. bxa5 Ng5
16. Bf1 f4 17. f3 Nf6 18. Bxh3 Nxh3+ 19. Kg2 Ng5 20. h4 Ngh7 21. g4 Nxg4 22.
fxg4 Qxh4 23. Nf3 Qxg4+ 24. Kf2 Ng5 25. Nxg5 Qg3+ 26. Ke2 f3+ 27. Kd2 hxg5 28.
Rb1 Qg2+ 29. Kd3 f2 30. Rf1 g4 31. Rxb7 g3 32. Rxc7 Qf3+ 0-1

[Event "GAMMA Reykjavik Open 2019"]
[Site "Reykjavik ISL"]
[Date "2019.04.09"]
[Round "2.6"]
[White "Lupulescu, Constantin"]
[Black "Pigott, John C"]
[Result "1-0"]
[WhiteTitle "GM"]
[BlackTitle "IM"]
[WhiteElo "2634"]
[BlackElo "2384"]
[WhiteFideId "1207822"]
[BlackFideId "400459"]
[EventDate "2019.04.08"]

1. Nf3 d5 2. e3 Nf6 3. c4 e6 4. Nc3 c5 5. cxd5 Nxd5 6. Bb5+ Nc6 7. Ne5 Qc7 8.
Nxc6 bxc6 9. Be2 Be7 10. Qc2 Nb4 11. Qa4 O-O 12. O-O Rd8 13. f4 a5 14. Ne4 Nd3
15. Bxd3 Rxd3 16. Qc2 Ba6 17. Rf3 c4 18. b3 cxb3 19. axb3 Qb6 20. Ba3 Bxa3 21.
Rxa3 Rad8 22. Rg3 Kh8 23. h3 Qb4 24. Ra4 Qxb3 25. Qxb3 Rxb3 26. Rxa5 Bd3 27. Nd6
Kg8 28. Ra7 Rf8 29. e4 c5 30. e5 c4 31. Kh2 Rb2 32. Rd7 h6 33. h4 Rc2 34. Re3
Ra2 35. h5 Rc2 36. Kg3 Ra2 37. Kh2 Rc2 38. Kg3 Ra2 39. Kh4 Rc2 40. g4 Rc1 41. g5
Rf1 42. Kg3 Rg1+ 43. Kh2 Rd1 44. Kg3 Rg1+ 45. Kh4 Rf1 46. gxh6 Rxf4+ 47. Kg3 Rf1
48. hxg7 Kxg7 49. Rf3 Rxf3+ 50. Kxf3 Kh6 51. Rxf7 Rxf7+ 52. Nxf7+ Kxh5 53. Kf4
Kh4 54. Ng5 Bf5 55. Nf3+ Kh5 56. Nd4 Bh3 57. Nb5 Kg6 58. Na3 Bf1 59. Nc2 Bd3 60.
Nd4 Kf7 61. Kg5 Bf1 62. Kh6 Bd3 63. Nb5 Bf1 64. Nd6+ Ke7 65. Kg7 Bd3 66. Nb5 Bf5
67. Nd4 Be4 68. Ne2 Bd3 69. Nf4 Bf5 70. Ng6+ Ke8 71. Kf6 Bg4 72. Kg5 Bf5 73. Nh4
Bd3 74. Kf6 Kd7 75. Ng6 Kc6 76. Nf4 Bf1 77. Kxe6 Kc5 78. Kd7 Kd4 79. e6 c3 80.
dxc3+ Kxc3 81. e7 Bb5+ 82. Kd6 Kc4 83. Nd5 Be8 84. Nf6 Bf7 85. Ng4 Be8 86. Ke6
Kc5 87. Nf6 Bg6 88. Ne4+ Kc6 89. Nd6 Kc7 90. Nf7 1-0

[Event "GAMMA Reykjavik Open 2019"]
[Site "Reykjavik ISL"]
[Date "2019.04.09"]
[Round "2.8"]
[White "Hovhannisyan, Robert"]
[Black "Van de Plassche, Bas"]
[Result "1-0"]
[WhiteTitle "GM"]
[BlackTitle "FM"]
[WhiteElo "2630"]
[BlackElo "2376"]
[WhiteFideId "13302507"]
[BlackFideId "1001965"]
[EventDate "2019.04.08"]

1. e4 c5 2. Nc3 Nc6 3. Bb5 Nd4 4. Nf3 a6 5. Bd3 g6 6. Nxd4 cxd4 7. Ne2 Bg7 8.
O-O d6 9. b3 Nf6 10. Nxd4 Nxe4 11. Bxe4 Bxd4 12. c3 Bg7 13. Qf3 Rb8 14. d4 O-O
15. Re1 b5 16. Bg5 h6 17. Bf4 Re8 18. Rad1 Qc7 19. h4 h5 20. Qg3 Bb7 21. Bxb7
Qxb7 22. Rd3 Rbc8 23. d5 Rc7 24. Bxd6 Rd7 25. Bb4 Rxd5 26. Qf3 Rd7 27. Qxb7 Rxb7
28. Rd6 Ra8 29. Rc6 Bf6 30. g3 e6 31. c4 a5 32. Bd6 bxc4 33. Rxc4 Rb5 34. Re2
Rd8 35. Bc5 Rd5 36. Rec2 Be5 37. Kg2 Kg7 38. Be3 Bd6 39. Rc8 Be7 40. Ra8 Rd8 41.
Ra7 Bb4 42. Rc6 Rd6 43. Rc8 Rdd5 44. a4 1-0

[Event "GAMMA Reykjavik Open 2019"]
[Site "Reykjavik ISL"]
[Date "2019.04.09"]
[Round "2.10"]
[White "Lagarde, Maxime"]
[Black "Borocz, Istvan1"]
[Result "1-0"]
[WhiteTitle "GM"]
[BlackTitle "IM"]
[WhiteElo "2612"]
[BlackElo "2350"]
[WhiteFideId "662399"]
[BlackFideId "703036"]
[EventDate "2019.04.08"]

1. c4 g6 2. Nc3 Bg7 3. d4 Nf6 4. e4 d6 5. Bd3 O-O 6. Nge2 Nc6 7. O-O e5 8. d5
Nb4 9. Bb1 a5 10. a3 Na6 11. Bc2 c6 12. b4 cxd5 13. cxd5 Bd7 14. Rb1 axb4 15.
axb4 Nh5 16. Be3 Nf4 17. Qd2 Rc8 18. b5 Nxe2+ 19. Nxe2 Nc5 20. Kh1 Qe7 21. b6
Kh8 22. Ng3 Qe8 23. f4 exf4 24. Rxf4 Qe7 25. Bd4 Kg8 26. Re1 Bxd4 27. Qxd4 f6
28. Qd2 Qe5 29. Rff1 Rce8 30. Rb1 Qg5 31. Rf4 Re5 32. Qf2 Re7 33. Nf1 Qe5 34.
Ne3 Qc3 35. Rf1 Ref7 36. e5 dxe5 37. Rc4 Qa3 38. Nf5 Bxf5 39. Bxf5 gxf5 40. Rxc5
f4 41. Qc2 Rd8 42. Rc7 Re7 43. Qf5 Qd6 44. Rfc1 Qxd5 45. h3 Qe6 46. Qe4 Rd6 47.
Rxe7 Qxe7 48. Rc8+ Kf7 49. Rc7 Rd7 50. Qxb7 Ke6 51. Qc6+ Qd6 52. b7 Rxc7 53.
Qxd6+ Kxd6 54. b8=Q Kd7 55. Qg8 Kd6 56. Qd8+ Rd7 57. Qxf6+ Kd5 58. Kg1 Rc7 59.
Qd8+ Kc6 60. Kf2 Rd7 61. Qf6+ Kd5 62. Kf3 Kd4 63. Qf5 Re7 64. Qe4+ Kc5 65. Qc2+
Kd4 66. Qd2+ Kc5 67. Ke4 1-0

[Event "GAMMA Reykjavik Open 2019"]
[Site "Reykjavik ISL"]
[Date "2019.04.09"]
[Round "2.11"]
[White "Thorfinnsson, Bjorn"]
[Black "Petrosian, Tigran L."]
[Result "0-1"]
[WhiteTitle "IM"]
[BlackTitle "GM"]
[WhiteElo "2399"]
[BlackElo "2605"]
[WhiteFideId "2300982"]
[BlackFideId "13301616"]
[EventDate "2019.04.08"]

1. c4 e5 2. g3 c6 3. d4 Bb4+ 4. Bd2 Bxd2+ 5. Qxd2 d6 6. Nc3 Nf6 7. dxe5 dxe5 8.
Qxd8+ Kxd8 9. Nf3 Re8 10. Rd1+ Kc7 11. Ng5 Re7 12. Nge4 Nxe4 13. Nxe4 Na6 14.
Kd2 Rd7+ 15. Kc1 Rxd1+ 16. Kxd1 Bf5 17. Nc3 Nc5 18. Kc1 a5 19. b3 Ne4 20. Nxe4
Bxe4 21. f3 Bf5 22. e4 Be6 23. Be2 Kb6 24. Kb2 Kc5 25. Rd1 a4 26. f4 axb3 27.
axb3 g6 28. Rd2 Kb4 29. Bd1 b5 30. cxb5 cxb5 31. Bc2 Ra3 32. Rd3 Ra7 33. Rd8
exf4 34. gxf4 Rd7 35. Rxd7 Bxd7 36. h4 Bg4 37. Bd3 Kc5 38. Kc3 b4+ 39. Kd2 Kd4
40. f5 gxf5 41. exf5 f6 0-1

[Event "GAMMA Reykjavik Open 2019"]
[Site "Reykjavik ISL"]
[Date "2019.04.09"]
[Round "2.12"]
[White "Ragnarsson, Dagur"]
[Black "Van Foreest, Jorden"]
[Result "1/2-1/2"]
[WhiteTitle "FM"]
[BlackTitle "GM"]
[WhiteElo "2380"]
[BlackElo "2598"]
[WhiteFideId "2304058"]
[BlackFideId "1039784"]
[EventDate "2019.04.08"]

1. d4 d5 2. c4 c6 3. Nf3 Nf6 4. Qb3 dxc4 5. Qxc4 Bg4 6. Qb3 Qb6 7. e3 Nbd7 8.
Nbd2 e6 9. Be2 Qxb3 10. Nxb3 a5 11. a4 Bd6 12. O-O O-O 13. Bd2 Bc7 14. h3 Bf5
15. Rfc1 h6 16. Be1 Ne4 17. Nfd2 Nxd2 18. Bxd2 Rfd8 19. Be1 Bb6 20. Ra3 Bc7 21.
Bf3 Bg6 22. Bc3 e5 23. d5 e4 24. dxc6 exf3 25. cxb7 Ra7 26. Bxa5 Bxa5 27. Nxa5
Rxa5 28. Rc8 Rf8 29. b4 Rd5 30. gxf3 Bd3 31. Rac3 Rg5+ 32. Kh2 Ba6 33. h4 Rg6
34. R3c7 Bxb7 35. Rxf8+ Kxf8 36. Rxb7 Ne5 37. f4 Ng4+ 38. Kg3 Nxe3+ 39. Kf3 Nf5
40. b5 Re6 41. a5 Nd6 42. Rb6 Ke7 43. a6 Nxb5 44. Rxb5 Rxa6 1/2-1/2

[Event "GAMMA Reykjavik Open 2019"]
[Site "Reykjavik ISL"]
[Date "2019.04.09"]
[Round "2.14"]
[White "Gretarsson, Hjorvar Steinn"]
[Black "Sarkar, Justin"]
[Result "0-1"]
[WhiteTitle "GM"]
[BlackTitle "IM"]
[WhiteElo "2571"]
[BlackElo "2337"]
[WhiteFideId "2302241"]
[BlackFideId "2010011"]
[EventDate "2019.04.08"]

1. c4 Nf6 2. Nc3 e5 3. e3 d6 4. d4 Nbd7 5. g3 g6 6. Bg2 Bg7 7. Nge2 O-O 8. O-O
Re8 9. b4 e4 10. Qc2 Qe7 11. a4 Nf8 12. h3 h5 13. Nf4 Bf5 14. Qe2 Qd7 15. Kh2
Ne6 16. Nxe6 Qxe6 17. Bb2 c6 18. b5 d5 19. bxc6 bxc6 20. cxd5 cxd5 21. Nb5 Rec8
22. Ba3 Ne8 23. Bb4 a6 24. Na3 Nf6 25. Rfc1 Nh7 26. Nc2 Ng5 27. Qf1 Rc4 28. Bd2
Rac8 29. Ne1 Rxc1 30. Bxc1 Bf8 31. Bd2 h4 32. g4 Bd6+ 33. Kh1 Bxg4 34. hxg4 h3
35. f4 Qxg4 36. fxg5 Qg3 37. Qg1 hxg2+ 38. Qxg2 Qh4+ 39. Kg1 Kg7 40. Kf1 Rh8 41.
Nc2 f5 42. Be1 Qh5 43. Rb1 Rc8 44. Rb6 f4 45. exf4 Rxc2 0-1

[Event "GAMMA Reykjavik Open 2019"]
[Site "Reykjavik ISL"]
[Date "2019.04.09"]
[Round "2.15"]
[White "Bjornsson, Sigurbjorn"]
[Black "Fier, Alexandr"]
[Result "1/2-1/2"]
[WhiteTitle "FM"]
[BlackTitle "GM"]
[WhiteElo "2312"]
[BlackElo "2570"]
[WhiteFideId "2300974"]
[BlackFideId "2107139"]
[EventDate "2019.04.08"]

1. e4 c5 2. Nf3 Nc6 3. d4 cxd4 4. Nxd4 Nf6 5. Nc3 e5 6. Ndb5 d6 7. Nd5 Nxd5 8.
exd5 Nb8 9. c4 Be7 10. Be2 a6 11. Nc3 O-O 12. O-O Nd7 13. Be3 f5 14. f3 Bg5 15.
Bf2 Qf6 16. b4 Bf4 17. g3 e4 18. gxf4 Qxc3 19. Rb1 exf3 20. Bd3 a5 21. Rb3 Qf6
22. Qxf3 axb4 23. Bb1 Ra4 24. Qd1 Nc5 25. Bd4 Qh6 26. Rg3 Bd7 27. Rxg7+ Qxg7+
28. Bxg7 Kxg7 29. Kh1 Rf6 30. Rg1+ Rg6 31. h4 Ra3 32. Kh2 Ne4 33. Qd4+ Kf7 34.
Rxg6 hxg6 35. Qb6 Ke7 36. Bxe4 fxe4 37. Qxb4 Rxa2+ 38. Kg3 Rc2 39. Qb3 Rd2 40.
Qxb7 Rd3+ 41. Kg2 Rd2+ 42. Kg3 Rd3+ 43. Kg2 Rd2+ 1/2-1/2

[Event "GAMMA Reykjavik Open 2019"]
[Site "Reykjavik ISL"]
[Date "2019.04.09"]
[Round "2.16"]
[White "Djukic, Nikola"]
[Black "Jacobsen, Mikkel Manosri"]
[Result "1/2-1/2"]
[WhiteTitle "GM"]
[BlackTitle "FM"]
[WhiteElo "2566"]
[BlackElo "2302"]
[WhiteFideId "922412"]
[BlackFideId "1444514"]
[EventDate "2019.04.08"]

1. e4 e5 2. Nf3 Nc6 3. Bb5 a6 4. Ba4 Nf6 5. O-O Be7 6. Re1 b5 7. Bb3 d6 8. c3
O-O 9. h3 Na5 10. Bc2 c5 11. d4 Nd7 12. a4 Rb8 13. axb5 axb5 14. b3 exd4 15.
cxd4 Nc6 16. Nc3 Bf6 17. Be3 cxd4 18. Nxd4 Nxd4 19. Bxd4 Bxd4 20. Qxd4 Qg5 21.
Nd5 Bb7 22. Rad1 Rfc8 23. Qe3 Qd8 24. Re2 Bxd5 25. Rxd5 Nf6 26. Rd4 Qe7 27. Qd3
Rb6 28. Rd2 Rcc6 29. b4 g6 30. g3 Kg7 31. Kg2 Qc7 32. Bd1 Rc3 33. Qe2 Qe7 34.
R2d3 Rc8 35. Ra3 Re8 36. Qb2 h5 37. f4 Rc8 38. Bf3 Rbc6 39. Rd2 Rc4 40. Ra6 Kg8
41. e5 dxe5 42. Qxe5 Qxe5 43. fxe5 Ne4 44. Re2 Nc3 45. Re1 Rxb4 46. e6 Rb2+ 47.
Kf1 fxe6 48. Rexe6 Rd8 49. Rxg6+ Kf8 50. Raf6+ Ke7 51. Re6+ Kf8 52. Rgf6+ Kg8
53. Bxh5 Nd5 54. Rf5 b4 55. Re4 Kg7 56. Rf7+ Kg8 57. Rf3 Nc3 58. Re8+ Rxe8 59.
Bxe8 Ne4 60. Re3 Nd2+ 61. Ke1 Nc4 62. Rf3 Kg7 63. Bb5 Ne5 64. Rf5 Nf7 65. Bd3
Rg2 66. g4 b3 67. Rb5 Rg3 68. Bf1 Nd6 69. Rb4 Kf6 70. h4 Ke5 71. h5 Ne4 72. h6
Rxg4 73. h7 Rh4 74. Bg2 b2 75. Bxe4 Rxe4+ 76. Kf2 Rxb4 77. h8=Q+ Kd5 78. Qh1+
Kc4 79. Qb1 Kb3 80. Ke2 Rc4 81. Qd3+ Rc3 82. Qd5+ Ka3 83. Kd2 b1=N+ 84. Kd1 Kb2 1/2-1/2

[Event "GAMMA Reykjavik Open 2019"]
[Site "Reykjavik ISL"]
[Date "2019.04.09"]
[Round "2.20"]
[White "Briem, Stephan"]
[Black "Brunello, Sabino"]
[Result "0-1"]
[BlackTitle "GM"]
[WhiteElo "2138"]
[BlackElo "2534"]
[WhiteFideId "2312506"]
[BlackFideId "813613"]
[EventDate "2019.04.08"]

1. d4 Nf6 2. c4 e6 3. Nc3 Bb4 4. e3 O-O 5. Ne2 Re8 6. a3 Bf8 7. Ng3 d5 8. Be2 b6
9. O-O Bb7 10. b4 Nbd7 11. Bb2 c5 12. Qb3 cxd4 13. exd4 dxc4 14. Bxc4 Rc8 15.
Rac1 Qc7 16. Bd3 Qf4 17. Nce2 Qb8 18. Rxc8 Rxc8 19. Rc1 Rd8 20. Nc3 Bd6 21. Qc2
h5 22. Nce4 Bf4 23. Re1 h4 24. Nf1 Rc8 25. Qe2 Bxe4 26. Bxe4 Nxe4 27. Qxe4 Nf6
28. Qd3 Nd5 29. g3 hxg3 30. hxg3 Bg5 31. Nh2 a5 32. Nf3 Bf6 33. b5 Qc7 34. Qd2
Qd7 35. Qd3 Ne7 36. Rc1 Rxc1+ 37. Bxc1 Nf5 38. Be3 Qd5 39. Nd2 Bxd4 40. Bxd4
Nxd4 41. a4 Kf8 42. f3 Nf5 43. Qc3 Nxg3 44. Kg2 Ne2 45. Qc8+ Ke7 46. Ne4 f5 47.
Ng5 Nf4+ 48. Kg3 Qd6 49. Qb7+ Kf6 50. Nf7 Qd4 51. Qc7 Qg1+ 0-1

[Event "GAMMA Reykjavik Open 2019"]
[Site "Reykjavik ISL"]
[Date "2019.04.09"]
[Round "2.22"]
[White "Vidic, Teja"]
[Black "Hjartarson, Johann"]
[Result "0-1"]
[WhiteTitle "WFM"]
[BlackTitle "GM"]
[WhiteElo "2102"]
[BlackElo "2520"]
[WhiteFideId "14605511"]
[BlackFideId "2300044"]
[EventDate "2019.04.08"]

1. e4 g6 2. d4 Bg7 3. Nc3 d6 4. f4 a6 5. Nf3 b5 6. Bd3 Nd7 7. e5 c5 8. Ng5 Nh6
9. Qf3 cxd4 10. Nxb5 Rb8 11. Nxd4 Bb7 12. Be4 Qc8 13. Nb3 dxe5 14. fxe5 Nxe5 15.
Qe2 Nc4 16. c3 O-O 17. O-O Bxe4 18. Nxe4 Rb5 19. Ned2 Nxd2 20. Bxd2 Nf5 21. Rac1
Rd8 22. Kh1 Re5 23. Qf3 Qc4 24. Rce1 a5 25. Qf4 Qd3 26. Qa4 h5 27. Bf4 Rxe1 28.
Rxe1 Qe2 29. Rg1 Rd1 30. Nd2 Rxg1+ 31. Kxg1 Ne3 32. Qe8+ Bf8 0-1

[Event "GAMMA Reykjavik Open 2019"]
[Site "Reykjavik ISL"]
[Date "2019.04.09"]
[Round "2.25"]
[White "Hambleton, Aman"]
[Black "Kakulidis, Ellen"]
[Result "1-0"]
[WhiteTitle "GM"]
[BlackTitle "WCM"]
[WhiteElo "2484"]
[BlackElo "2022"]
[WhiteFideId "2606577"]
[BlackFideId "1444972"]
[EventDate "2019.04.08"]

1. d4 d5 2. c4 e6 3. Nc3 Be7 4. cxd5 exd5 5. Bf4 c6 6. e3 Bd6 7. Bxd6 Qxd6 8.
Bd3 Ne7 9. Qc2 g6 10. f3 O-O 11. Nge2 b6 12. O-O Ba6 13. e4 Bxd3 14. Qxd3 c5 15.
exd5 Nxd5 16. Ne4 Qc6 17. dxc5 bxc5 18. Qxd5 1-0

[Event "GAMMA Reykjavik Open 2019"]
[Site "Reykjavik ISL"]
[Date "2019.04.09"]
[Round "2.31"]
[White "Sowray, Peter J"]
[Black "Bentel, Robin"]
[Result "0-1"]
[WhiteTitle "FM"]
[WhiteElo "2356"]
[BlackElo "2130"]
[WhiteFideId "400971"]
[BlackFideId "12918016"]
[EventDate "2019.04.08"]

1. d4 Nf6 2. c4 g6 3. Nc3 Bg7 4. e4 d6 5. f3 O-O 6. Be3 c5 7. Nge2 Nc6 8. d5 Na5
9. Ng3 a6 10. Rc1 e6 11. Be2 exd5 12. cxd5 b5 13. b3 Re8 14. Qd2 Nd7 15. Nd1 Ne5
16. O-O h5 17. f4 Ng4 18. Bxg4 Bxg4 19. e5 dxe5 20. f5 c4 21. b4 Nb7 22. fxg6
fxg6 23. Qc2 e4 24. Nc3 Nd6 25. Bc5 Rc8 26. h3 Be5 27. Bxd6 Qxd6 28. Ncxe4 Qb6+
29. Kh1 Kg7 30. Qd2 Bxg3 31. Nxg3 Qe3 32. Qf2 Qxf2 33. Rxf2 h4 34. Nf1 Bf5 35.
Rf4 Re2 36. Rc3 Re1 37. Kh2 Bd3 38. Nd2 Re2 39. Nf3 Rxa2 40. Nd4 g5 41. Rg4 Kf6
42. Nc6 Ra1 43. Rd4 Re8 0-1

[Event "GAMMA Reykjavik Open 2019"]
[Site "Reykjavik ISL"]
[Date "2019.04.09"]
[Round "2.32"]
[White "Kanarek, Marcel"]
[Black "Bejatovic, Bojana"]
[Result "1-0"]
[WhiteTitle "GM"]
[WhiteElo "2505"]
[BlackElo "2021"]
[WhiteFideId "1126822"]
[BlackFideId "15000141"]
[EventDate "2019.04.08"]

1. Nf3 Nf6 2. g3 c5 3. Bg2 d6 4. O-O Nc6 5. d4 Bf5 6. d5 Nb4 7. Ne1 Qd7 8. a3
Na6 9. c4 e5 10. Nc3 h5 11. h4 Bh3 12. e4 Be7 13. Nd3 Bd8 14. Rb1 Rc8 15. Qe2 1-0

[Event "GAMMA Reykjavik Open 2019"]
[Site "Reykjavik ISL"]
[Date "2019.04.09"]
[Round "2.33"]
[White "Rice, Chris B"]
[Black "Tang, Andrew"]
[Result "0-1"]
[BlackTitle "GM"]
[WhiteElo "2026"]
[BlackElo "2501"]
[WhiteFideId "404446"]
[BlackFideId "2059630"]
[EventDate "2019.04.08"]

1. c4 e6 2. g3 d5 3. Nf3 Nf6 4. Bg2 Be7 5. O-O O-O 6. b3 c5 7. Bb2 Nc6 8. e3 b6
9. Nc3 dxc4 10. bxc4 Bb7 11. Qe2 Qc8 12. Ne1 a6 13. f4 Rd8 14. g4 Na5 15. d3
Bxg2 16. Qxg2 Qc6 17. Qe2 b5 18. g5 Ne8 19. cxb5 axb5 20. Nf3 b4 21. Ne4 c4 22.
Nh4 cxd3 23. Qg2 d2 0-1